000 00809nam a2200253Ia 4500
003 OSt
005 20220923223237.0
006 a|||||r|||| 00| 0
007 ta
008 220922b |||||||| |||| 00| 0 hin d
024 _a212,562
037 _cTextual
040 _aARTS
_cARTS
_bhin
041 _2hin
_ahin
082 _aO152,3N243x, K7
100 _aमेहता, नरेश
245 0 _aएक समर्पित महिला
246 _aEk samarpit hinilā
260 _aकलकत्ता
_b भारतीय ज्ञानपीठ प्रका0
_c1967
300 _a121पृ.
_ccm.
650 _aहिन्दी साहित्य
_9156264
942 _hO152,3N243x, K7
_cTEXL
_2CC
999 _c362836
_d362836